00246pam a2200109 a 4500020000500000041000500005082001500010100002300025245004000048260003600088300001200124 c h a745.2bVIE aTucker viemeister. aProduct design-6hTextual Documents aAmericabPBC International Inc. a239/HB.